| Tag |
First Indicator |
Second Indicator |
Subfields |
| LEADER |
00000cam a2200000 a 4500 |
| 001 |
in00000855488 |
| 005 |
20151019073450.0 |
| 008 |
860130s1985 dcu b f00010 eng d |
| 010 |
|
|
|a gp 86008815
|
| 035 |
|
|
|a (OCoLC)13090863
|
| 035 |
|
|
|9 AEE2331AM
|
| 040 |
|
|
|a GPO
|c GPO
|d UtOrBLW
|
| 043 |
|
|
|a n-us---
|
| 074 |
|
|
|a 718-A-3
|
| 086 |
0 |
|
|a J 28.24:In 8
|
| 100 |
1 |
|
|a Geiselman, R. Edward.
|
| 245 |
1 |
0 |
|a Interviewing victims and witnesses of crime /
|c R. Edward Geiselman and Ronald P. Fisher.
|
| 264 |
|
1 |
|a Washington, D.C. :
|b U.S. Dept. of Justice, National Institute of Justice,
|c [1985]
|
| 300 |
|
|
|a 3 pages, 1 unnumbered page ;
|c 28 cm.
|
| 336 |
|
|
|a text
|b txt
|2 rdacontent
|
| 337 |
|
|
|a unmediated
|b n
|2 rdamedia
|
| 338 |
|
|
|a volume
|b nc
|2 rdacarrier
|
| 490 |
1 |
|
|a Research in brief
|
| 500 |
|
|
|a Caption title.
|
| 500 |
|
|
|a Shipping list number: 86-13-P.
|
| 504 |
|
|
|a Bibliography: page [4].
|
| 500 |
|
|
|a "December 1985."
|
| 650 |
|
0 |
|a Interviewing in law enforcement.
|
| 650 |
|
0 |
|a Police questioning
|z United States.
|
| 700 |
1 |
|
|a Fisher, Ronald P.
|
| 710 |
2 |
|
|a National Institute of Justice (U.S.)
|
| 830 |
|
0 |
|a Research in brief.
|
| 999 |
|
|
|a MARS
|
| 999 |
f |
f |
|s 1bec3c00-ad38-3309-8c14-b35e304ec9dc
|i b5e68195-10f5-3c4f-b39d-7d10a90c13f0
|t 0
|
| 952 |
f |
f |
|p normal
|a Texas A&M University
|b College Station
|c Sterling C. Evans Library
|d Evans: US Documents (Annex 5th floor)
|t 0
|e J 28.24:In 8
|h Superintendent of Documents classification
|i unmediated -- volume
|m A14815888274
|
| 998 |
f |
f |
|a J 28.24:In 8
|t 0
|l Evans: US Documents (Annex 5th floor)
|